Nové antireumatiká, imunosupresívum a antimigreniká

Bibliographic Details
Main Author: Čižmárik, Jozef, 1943- (Author)
Format: Article
Language:Slovak
PhysicalDescription:Obr.
ISSN:1335-0633
Subjects:

MARC

LEADER 00000nab a2200000 a 4500
001 vtls000848679
003 SK-MaSNL
005 20260304125409.0
008 250429c2003 xo 0 slo
015 |a SNBRB2003/10-28823 
035 |a CLN000200334 
035 |a urn:nbn:sk:snk-abbwrg 
035 |a (urnnbn)urn:nbn:sk:snk:ar-0058lx 
035 |a (uuid)7d6219a7-0939-46be-8339-3acb00e0705d 
040 |a SNKBUCL  |b slo  |c SNKBUCL  |e AACR2 
041 0 |a slo 
044 |a xo  |c SK 
080 |a 615.276  |2 1997 
080 |a 615.212  |2 1997 
100 1 |a Čižmárik, Jozef,  |d 1943-  |4 aut  |9 106710 
245 1 0 |a Nové antireumatiká, imunosupresívum a antimigreniká  |c J. čižmárik 
300 |b Obr. 
504 |a Bibliogr. odkazy 
650 0 7 |a antireumatiká  |2 snkbucl  |9 15368 
650 0 7 |a imunosupresíva  |2 snkbucl  |9 13725 
650 0 7 |a antimigreniká  |2 snkbucl  |9 863321 
650 0 7 |a parecoxib  |x antiflogistiká  |2 snkbucl  |9 1438012 
650 0 7 |a oxaprozin  |x antireumatiká  |2 snkbucl  |9 1438013 
650 0 7 |a anakinra  |x antireumatiká  |2 snkbucl  |9 1438014 
650 0 7 |a eletriptan  |x antimigreniká  |2 snkbucl  |9 1438015 
650 0 7 |a frovatriptan  |x antimigreniká  |2 snkbucl  |9 1438016 
655 7 |a články z novín a časopisov  |2 snkbucl  |9 267496 
773 0 |t Pharma journal  |g Roč. 13, č. 2 (2003), s. 32-34  |x 1335-0633 
850 |a Slovenská národná knižnica 
852 |a Slovenská národná knižnica 
954 |a odborná, vedecká literatúra pôvodná (slovenská)  |2 lita 
958 |a article15 
958 |a MI 
958 |a NB 
958 |a OND 
958 |a EUIPO 
992 |a RBX 
999 |c 2894015  |d 2895945